ბათუმის შოთა რუსთაველის სახელმწიფო უნივერსიტეტის ბიბლიოთეკა

Сборник геометрических задач на доказательство. (ბიბ.ჩანაწერი № 38704)

000 -LEADER
fixed length control field 00686nam a2200217Ia 4500
001 - CONTROL NUMBER
control field 4968
003 - CONTROL NUMBER IDENTIFIER
control field GE_BSU
008 - FIXED-LENGTH DATA ELEMENTS--GENERAL INFORMATION
fixed length control field 181216s||||||||xx |||||||||||||| ||und||
040 ## - CATALOGING SOURCE
Transcribing agency GE_BSU
080 ## - UNIVERSAL DECIMAL CLASSIFICATION NUMBER
Universal Decimal Classification number 514(072)
100 ## - MAIN ENTRY--PERSONAL NAME
Personal name Барыбин К.С.
245 ## - TITLE STATEMENT
Title Сборник геометрических задач на доказательство.
245 ## - TITLE STATEMENT
Remainder of title пособие для учителей.
245 ## - TITLE STATEMENT
Statement of responsibility, etc. Ред. С.В. Пазельский.
260 ## - PUBLICATION, DISTRIBUTION, ETC.
Place of publication, distribution, etc. Москва
260 ## - PUBLICATION, DISTRIBUTION, ETC.
Name of publisher, distributor, etc. Учпедгиз
260 ## - PUBLICATION, DISTRIBUTION, ETC.
Date of publication, distribution, etc. 1952
300 ## - PHYSICAL DESCRIPTION
Extent 151 с. 23 см.
653 ## - INDEX TERM--UNCONTROLLED
Uncontrolled term Сборник геометрических задач на доказательство.
942 ## - ADDED ENTRY ELEMENTS (KOHA)
Koha item type წიგნი
ეგზემპლარები
Withdrawn status Lost status Damaged status Not for loan Date acquired Barcode Date last seen Price effective from Koha item type Public note
        2018-12-17 15937 2018-12-17 2018-12-17 წიგნი დარბაზი
        2018-12-17 15938 2018-12-17 2018-12-17 წიგნი დარბაზი